Building codes illustrated (Record no. 102840)

MARC details
000 -LEADER
fixed length control field 01298cam a2200265 4500
008 - FIXED-LENGTH DATA ELEMENTS--GENERAL INFORMATION
fixed length control field 030528n2003 000 0 eng u
020 ## - INTERNATIONAL STANDARD BOOK NUMBER
International Standard Book Number 0471099805
035 ## - SYSTEM CONTROL NUMBER
System control number (Sirsi) u122432
041 ## - LANGUAGE CODE
Language code of text/sound track or separate title eng
050 ## - LIBRARY OF CONGRESS CALL NUMBER
Classification number 692.2
-- 18
050 ## - LIBRARY OF CONGRESS CALL NUMBER
Classification number 690.0218
-- 21
100 ## - MAIN ENTRY--PERSONAL NAME
Personal name Ching, Francis D. K.
245 ## - TITLE STATEMENT
Title Building codes illustrated
Remainder of title a guide to understanding the 2000 international building code
260 ## - PUBLICATION, DISTRIBUTION, ETC.
Place of publication, distribution, etc. Hobokend
Name of publisher, distributor, etc. Wiley
Date of publication, distribution, etc. 2003
300 ## - PHYSICAL DESCRIPTION
Extent xiv, 401p.
Other physical details ill.
Dimensions 28cm.
350 ## - PRICE (NR) (BK AM CF MU VM SE) [OBSOLETE]
Price 33.50
520 ## - SUMMARY, ETC.
Summary, etc. Conceived as a companion guide to the International Building Code (IBC) this American text sets out how that code was developed and is structured. Each chapter considers a different aspect of building design or control including uses and occupancies, heights and areas, types of construction, fire resistance, interior finishes, fire protection systems, means of escape, accessibility, building services, energy efficiency, exterior walls, roofs, structure, building materials and systems, and working with existing structures. Bibliography.
650 ## - SUBJECT ADDED ENTRY--TOPICAL TERM
Topical term or geographic name entry element BUILDING CODES
650 ## - SUBJECT ADDED ENTRY--TOPICAL TERM
Topical term or geographic name entry element BUILDING REGULATIONS
9 (RLIN) 6224
650 ## - SUBJECT ADDED ENTRY--TOPICAL TERM
Topical term or geographic name entry element INTERNATIONAL BUILDING CODE
650 ## - SUBJECT ADDED ENTRY--TOPICAL TERM
Topical term or geographic name entry element UNITED STATES
690 ## - LOCAL SUBJECT ADDED ENTRY--TOPICAL TERM (OCLC, RLIN)
Topical term or geographic name as entry element BUILT ENVIRONMENT-BUILDING STANDARDS
700 ## - ADDED ENTRY--PERSONAL NAME
Personal name Winkel, Steven R.
942 ## - ADDED ENTRY ELEMENTS (KOHA)
Suppress in OPAC 0
Holdings
Withdrawn status Lost status Source of classification or shelving scheme Damaged status Not for loan Home library Current library Shelving location Date acquired Cost, normal purchase price Total Checkouts Full call number Barcode Date last seen Date last checked out Copy number Cost, replacement price Price effective from Koha item type
    Dewey Decimal Classification     London London Folio 07/07/2003 28.47 5 F692.2 CHI 30067315 06/08/2019 25/09/2013 1 28.47 06/08/2019 Book